عرض عادي عرض مارك
  • Kodaira, Kunihiko,

مدخل إسم شخص

عدد التسجيلات المستخدمة في: 1

001 - رقم الضبط

  • حقل الضبط: 39617

003 - معرف رقم الضبط

  • حقل الضبط: OSt

005 - تاريخ ووقت أخر عملية

  • حقل الضبط: 20131113203619.0

008 - عناصر بيانات ثابتة الطول

  • حقل تحكم ثابت الطول: 131113|||a|||||| | ||| d

040 ## - مصدر الفهرسة

  • هيئة الفهرسة الأصلية: OSt
  • وكالة الكتابة: OSt

100 ## - مدخل -- أسم شخص

  • إسم شخص: Kodaira, Kunihiko,
  • تواريخ مرتبطة بالاسم: 1915-

670 ## - بيانات المصدر موجوده

  • الاستشهاد بالمصدر: Work cat.: (OSt)0: Kodaira, Kunihiko, 1915-, Complex manifolds and deformation of complex structures /, c2005.